Entering the new theological space (Record no. 551)
[ view plain ]
| 000 -LEADER | |
|---|---|
| fixed length control field | 01422nam a2200337Ia 4500 |
| 245 00 - TITLE STATEMENT | |
| Title | Entering the new theological space |
| 260 ## - PUBLICATION, DISTRIBUTION, ETC. (IMPRINT) | |
| Place of publication | Aldershot, Hants, England ; |
| -- | Burlington, VT : |
| Name of publisher | Ashgate, |
| Year of publication | 2009. |
| 300 ## - PHYSICAL DESCRIPTION | |
| Number of Pages | xii, [1], 241 p. : |
| Other physical details | ill. |
| 490 1# - SERIES STATEMENT | |
| Series statement | Explorations in practical, pastoral, and empirical theology |
| 650 #0 - SUBJECT ADDED ENTRY--TOPICAL TERM | |
| Topical Term | Christian sociology. |
| Topical Term | Theology, Practical. |
| Topical Term | Cultural pluralism. |
| 700 1# - ADDED ENTRY--PERSONAL NAME | |
| Personal name | Baker, Christopher Richard, |
| Personal name | Reader, John, |
| 856 40 - ELECTRONIC LOCATION AND ACCESS | |
| Uniform Resource Identifier | http://site.ebrary.com/lib/rucke/Doc?id=10288728 |
No items available.
